The free tuition act of 2017: Its effect to students of Camarines Sur Polytechnic Colleges Buhi Extension Campus / (Record no. 28796)
[ view plain ]
| 000 -LEADER | |
|---|---|
| fixed length control field | 01059nam a22002657a 4500 |
| 003 - CONTROL NUMBER IDENTIFIER | |
| control field | CSPC |
| 005 - DATE AND TIME OF LATEST TRANSACTION | |
| control field | 20250207163601.0 |
| 007 - PHYSICAL DESCRIPTION FIXED FIELD--GENERAL INFORMATION | |
| fixed length control field | ta |
| 008 - FIXED-LENGTH DATA ELEMENTS--GENERAL INFORMATION | |
| fixed length control field | 250207s2018 ph a mabs 000 0 eng |
| 040 ## - CATALOGING SOURCE | |
| Transcribing agency | CSPC |
| 090 ## - LOCALLY ASSIGNED LC-TYPE CALL NUMBER (OCLC); LOCAL CALL NUMBER (RLIN) | |
| Classification number (OCLC) (R) ; Classification number, CALL (RLIN) (NR) | UTH BSOA B862f |
| 100 ## - MAIN ENTRY--PERSONAL NAME | |
| Personal name | Bueno, Juliebeth D. |
| Relator term | author. |
| 245 ## - TITLE STATEMENT | |
| Title | The free tuition act of 2017: Its effect to students of Camarines Sur Polytechnic Colleges Buhi Extension Campus / |
| Statement of responsibility, etc. | Juliebeth D. Bueno |
| 264 ## - PRODUCTION, PUBLICATION, DISTRIBUTION, MANUFACTURE, AND COPYRIGHT NOTICE | |
| Place of production, publication, distribution, manufacture | Buhi, Camarines Sur: |
| Name of producer, publisher, distributor, manufacturer | Camarines Sur Polytechnic Colleges, |
| Date of production, publication, distribution, manufacture, or copyright notice | 2018. |
| 300 ## - PHYSICAL DESCRIPTION | |
| Extent | xv, 79 leaves : |
| Other physical details | illustrations ; |
| Dimensions | 28 cm. |
| 502 ## - DISSERTATION NOTE | |
| Dissertation note | Undergraduate Theses (BSOA) Office Administration |
| Name of granting institution | Camarines Sur Polytechnic Colleges |
| 700 ## - ADDED ENTRY--PERSONAL NAME | |
| Personal name | Consulta, Michelle C. |
| Relator term | author. |
| 700 ## - ADDED ENTRY--PERSONAL NAME | |
| Personal name | Sarto, Jessa Mae O. |
| Relator term | author |
| 720 ## - ADDED ENTRY--UNCONTROLLED NAME | |
| Name | Bermal, Marites A. MBA |
| Relator term | adviser. |
| 720 ## - ADDED ENTRY--UNCONTROLLED NAME | |
| Name | Escolano, Emilda E. MBA |
| Relator term | panelist chairman |
| 720 ## - ADDED ENTRY--UNCONTROLLED NAME | |
| Name | Penetrante, Nancy S. MBA |
| Relator term | panelist member |
| 720 ## - ADDED ENTRY--UNCONTROLLED NAME | |
| Name | De Loyola, Alyssa F. MBA |
| Relator term | panelist member |
| 942 ## - ADDED ENTRY ELEMENTS (KOHA) | |
| Source of classification or shelving scheme | Dewey Decimal Classification |
| Suppress in OPAC | No |
| Koha item type | Unpublished Materials |
| Call number prefix | UTH |
| Call number suffix | 2018 |
| Withdrawn status | Lost status | Source of classification or shelving scheme | Damaged status | Not for loan | Home library | Current library | Shelving location | Date acquired | Total Checkouts | Full call number | Barcode | Date last seen | Copy number | Price effective from | Koha item type |
|---|---|---|---|---|---|---|---|---|---|---|---|---|---|---|---|
| Dewey Decimal Classification | Buhi Campus | Buhi Campus | Undergraduate Thesis Section | 09/16/2024 | UTH BSOA B862f 2018 | 00127UM-BUH | 02/07/2025 | 1-1 | 09/16/2024 | Unpublished Materials |